町村名から郡名 (中国・四国) - Statistics

General Stats
  • This quiz has been taken 7 times
  • The average score is 39 of 55
Answer Stats
No 都道府県 町村 % Correct
21 広島県 府中町・海田町・熊野町・坂町 安芸郡
100%
33 徳島県 那賀町 那賀郡
100%
37 徳島県 東みよし町 三好郡
100%
43 愛媛県 上島町 越智郡
100%
49 愛媛県 愛南町 南宇和郡
100%
50 高知県 東洋町・奈半利町・田野町・安田町・北川村・馬路村・芸西村 安芸郡
100%
52 高知県 土佐町・大川村 土佐郡
100%
1 鳥取県 岩美町 岩美郡
83%
5 鳥取県 日南町・日野町・江府町 日野郡
83%
11 岡山県 和気町 和気郡
83%
26 山口県 周防大島町 大島郡
83%
29 山口県 阿武町 阿武郡
83%
30 徳島県 勝浦町・上勝町 勝浦郡
83%
35 徳島県 松茂町・北島町・藍住町・板野町・上板町 板野郡
83%
36 徳島県 つるぎ町 美馬郡
83%
40 香川県 直島町 香川郡
83%
41 香川県 宇多津町・綾川町 綾歌郡
83%
45 愛媛県 松前町・砥部町 伊予郡
83%
46 愛媛県 内子町 喜多郡
83%
47 愛媛県 伊方町 西宇和郡
83%
48 愛媛県 松野町・鬼北町 北宇和郡
83%
55 高知県 大月町・三原村・黒潮町 幡多郡
83%
2 鳥取県 若桜町・智頭町・八頭町 八頭郡
67%
3 鳥取県 三朝町・湯梨浜町・琴浦町・北栄町 東伯郡
67%
4 鳥取県 日吉津村・大山町・南部町・伯耆町 西伯郡
67%
6 島根県 奥出雲町 仁多郡
67%
7 島根県 飯南町 飯石郡
67%
8 島根県 川本町・美郷町・邑南町 邑智郡
67%
13 岡山県 里庄町 浅口郡
67%
14 岡山県 矢掛町 小田郡
67%
15 岡山県 新庄村 真庭郡
67%
16 岡山県 鏡野町 苫田郡
67%
17 岡山県 勝央町・奈義町 勝田郡
67%
18 岡山県 西粟倉村 英田郡
67%
19 岡山県 久米南町・美咲町 久米郡
67%
20 岡山県 吉備中央町 加賀郡
67%
24 広島県 世羅町 世羅郡
67%
25 広島県 神石高原町 神石郡
67%
27 山口県 和木町 玖珂郡
67%
38 香川県 土庄町・小豆島町 小豆郡
67%
42 香川県 琴平町・多度津町・まんのう町 仲多度郡
67%
44 愛媛県 久万高原町 上浮穴郡
67%
53 高知県 いの町・仁淀川町 吾川郡
67%
54 高知県 中土佐町・佐川町・越知町・梼原町・日高村・津野町・四万十町 高岡郡
67%
9 島根県 津和野町・吉賀町 鹿足郡
50%
10 島根県 海士町・西ノ島町・知夫村・隠岐の島町 隠岐郡
50%
12 岡山県 早島町 都窪郡
50%
28 山口県 上関町・田布施町・平生町 熊毛郡
50%
31 徳島県 佐那河内村 名東郡
50%
32 徳島県 石井町・神山町 名西郡
50%
34 徳島県 牟岐町・美波町・海陽町 海部郡
50%
39 香川県 三木町 木田郡
50%
51 高知県 本山町・大豊町 長岡郡
50%
22 広島県 安芸太田町・北広島町 山県郡
33%
23 広島県 大崎上島町 豊田郡
33%
No matching quizzes found
Score Distribution
Percent of People with Each Score
Percentile by Number Answered
Your Score History
You have not taken this quiz